[Event "Bengaluru Namma op 2nd"]
[Site "Bengaluru"]
[Date "2025.04.10"]
[Round "1"]
[White "Nitish, Belurkar"]
[Black "Ayushh, Ravikumar"]
[Result "1-0"]
[WhiteElo "2441"]
[BlackElo "2023"]
[PlyCount "77"]
[EventDate "2025.04.10"]
[EventType "swiss"]
[EventRounds "10"]
[EventCountry "IND"]
[SourceTitle "CB18_2025"]
[SourceDate "2025.04.30"]
[SourceVersion "1"]
[SourceVersionDate "2025.04.30"]
[SourceQuality "1"]

1. e4 e5 2. Nf3 Nf6 3. Nc3 Nc6 4. Bb5 Nd4 5. 0-0 Nxb5 6. Nxb5 d6 7. d4 exd4 8. Nfxd4 Be7 9. Qf3 0-0 10. c4 Nd7 11. Be3 Bf6 12. Rad1 Re8 13. Nc3 Ne5 14. Qe2 Bd7 15. f3 Nc6 16. Qf2 Nxd4 17. Bxd4 Bc6 18. Rfe1 Bxd4 19. Rxd4 Qg5 20. b4 b6 21. Qc2 f5 22. b5 Bb7 23. Nd5 fxe4 24. Rdxe4 Rxe4 25. Qxe4 Bxd5 26. cxd5 Qe5 27. Qxe5 dxe5 28. Rc1 Rd8 29. Rxc7 Rxd5 30. a4 Rd4 31. Rxa7 h6 32. Kf2 e4 33. f4 Rd2+ 34. Ke3 Rxg2 35. a5 bxa5 36. b6 Rb2 37. b7 Kh7 38. f5 h5 39. f6 1-0

[Event "Vijayawad op"]
[Site "Vijayawad"]
[Date "2024.10.26"]
[Round "9"]
[White "Aditya, Varun Gampa"]
[Black "Ayushh, Ravikumar"]
[Result "0-1"]
[WhiteElo "2194"]
[BlackElo "1942"]
[PlyCount "90"]
[EventDate "2024.10.22"]
[EventType "swiss"]
[EventRounds "9"]
[EventCountry "IND"]
[SourceTitle "CB16_2025"]
[SourceDate "2025.04.16"]
[SourceVersion "1"]
[SourceVersionDate "2025.04.16"]
[SourceQuality "1"]

1. e4 e5 2. Nf3 Nc6 3. Bb5 a6 4. Ba4 Nf6 5. d3 Bc5 6. 0-0 d6 7. c3 Ba7 8. Re1 0-0 9. h3 Ne7 10. Nbd2 Ng6 11. Nf1 Nh5 12. d4 Nhf4 13. Bxf4 exf4 14. Bc2 c5 15. dxc5 dxc5 16. Bb3 Be6 17. Bxe6 fxe6 18. Qb3 Qb6 19. N1d2 Rfd8 20. Nc4 Qxb3 21. axb3 Rd7 22. Red1 Rad8 23. Rxd7 Rxd7 24. Kf1 Bb8 25. Ke2 Bc7 26. Ne1 b5 27. Nd2 a5 28. Nd3 Bb6 29. Nf3 Rd6 30. Rg1 Kf7 31. Ra1 h6 32. Nfe1 c4 33. bxc4 bxc4 34. Nc1 Ne5 35. Nf3 Nxf3 36. gxf3 Rc6 37. Kd2 Bxf2 38. Kc2 Be3 39. b3 Rd6 40. bxc4 Rd2+ 41. Kb3 Rd1 42. c5 Rxc1 43. c6 Ke7 44. Rxa5 Kd6 45. Ra8 Kxc6 0-1

[Event "Titled Tuesday intern op 24th Sep Early"]
[Site "Chess.com INT"]
[Date "2024.09.24"]
[Round "1"]
[White "Nunez V, Gustavo Eduardo"]
[Black "Ayushh, Ravikumar"]
[Result "1-0"]
[WhiteElo "2226"]
[BlackElo "1960"]
[PlyCount "103"]
[EventDate "2024.09.24"]
[EventType "swiss (blitz)"]
[EventRounds "11"]
[EventCountry "USA"]
[SourceTitle "EXT 2025"]
[Source "ChessBase"]
[SourceDate "2024.10.14"]
[SourceVersion "1"]
[SourceVersionDate "2024.10.14"]
[SourceQuality "1"]

1. e4 c5 2. Nf3 e6 3. c4 a6 4. Nc3 Nc6 5. Be2 Nf6 6. 0-0 d5 7. exd5 exd5 8. d4 cxd4 9. Nxd4 Be7 10. cxd5 Nxd5 11. Nxd5 Qxd5 12. Nxc6 Qxd1 13. Rxd1 bxc6 14. Bf3 Bd7 15. Be3 Bf6 16. Bd4 Bxd4 17. Rxd4 Ke7 18. Rc1 Rhc8 19. Rdc4 Rab8 20. b3 Kd6 21. Rd4+ Ke7 22. Re1+ Be6 23. Bg4 c5 24. Rde4 Rc6 25. f4 Kf6 26. Bf3 Rd6 27. Kf2 Rbd8 28. R1e2 Bd5 29. Re5 Bxf3 30. Kxf3 Rd3+ 31. R2e3 Rd2 32. Rxc5 R8d6 33. a4 Rb2 34. Rec3 Ke7 35. Rc7+ Rd7 36. Rxd7+ Kxd7 37. h4 Kd6 38. g3 f5 39. Ke3 g6 40. Kd4 Rd2+ 41. Kc4 Rg2 42. Kb4 Kd5 43. Ka5 Kd4 44. Rc7 Rxg3 45. b4 Rb3 46. Rxh7 Ke4 47. h5 gxh5 48. Rxh5 Kxf4 49. Rh6 Ke3 50. Rxa6 f4 51. Rf6 f3 52. b5 1-0

[Event "Titled Tuesday intern op 27th Aug Early"]
[Site "Chess.com INT"]
[Date "2024.08.27"]
[Round "4"]
[White "Ayushh, Ravikumar"]
[Black "Perera, WCC"]
[Result "1-0"]
[WhiteElo "1953"]
[BlackElo "2028"]
[PlyCount "87"]
[EventDate "2024.08.27"]
[EventType "swiss (blitz)"]
[EventRounds "11"]
[EventCountry "USA"]
[SourceTitle "EXT 2025"]
[Source "ChessBase"]
[SourceDate "2024.10.14"]
[SourceVersion "1"]
[SourceVersionDate "2024.10.14"]
[SourceQuality "1"]

1. e4 c5 2. Nf3 d6 3. g3 Nf6 4. d3 g6 5. Bg2 Bg7 6. Nbd2 0-0 7. 0-0 Nc6 8. c3 e5 9. Qc2 b5 10. a4 b4 11. Ne1 Rb8 12. Nc4 Na5 13. Nxa5 Qxa5 14. c4 Ne8 15. b3 f5 16. Bh3 Rb7 17. Bb2 Rbf7 18. Ng2 Bb7 19. Ne3 f4 20. Nd5 Bxd5 21. exd5 Kh8 22. Qe2 f3 23. Qe4 Qd8 24. Be6 Rf6 25. Bc1 h6 26. Qh4 Nc7 27. Bxh6 Nxe6 28. Bg5+ Kg8 29. dxe6 Qe7 30. Qe4 Qxe6 31. Bxf6 Rxf6 32. Qd5 Qxd5 33. cxd5 a5 34. Rfe1 Rf5 35. Re4 Kf7 36. Rae1 Bf6 37. g4 Rf4 38. Rxf4 exf4 39. Re6 Be5 40. h4 g5 41. hxg5 Kg7 42. g6 Kg8 43. Rxe5 dxe5 44. d6 1-0

[Event "SRI-ch Dini"]
[Site "Colombo"]
[Date "2024.07.30"]
[Round "3"]
[White "Ayushh, Ravikumar"]
[Black "Deepan Chakkravarthy, J."]
[Result "0-1"]
[WhiteElo "1953"]
[BlackElo "2423"]
[PlyCount "106"]
[EventDate "2024.07.29"]
[EventType "swiss"]
[EventRounds "10"]
[EventCountry "SRI"]
[SourceTitle "CBM 221 Extra"]
[Source "ChessBase"]
[SourceDate "2024.09.30"]
[SourceVersion "1"]
[SourceVersionDate "2024.09.30"]
[SourceQuality "1"]

1. e4 c5 2. Nf3 Nc6 3. Bb5 g6 4. Bxc6 dxc6 5. d3 Bg7 6. a4 Qc7 7. 0-0 h6 8. Nc3 e5 9. a5 Rb8 10. Be3 b6 11. Nd2 Nf6 12. h3 Nh5 13. axb6 axb6 14. Nc4 0-0 15. Qd2 Kh7 16. Ne2 Be6 17. g4 Bxc4 18. dxc4 Rfd8 19. Qc1 Nf6 20. Ng3 Nd7 21. Rd1 Nf8 22. c3 Ne6 23. Qc2 Bf6 24. Qe2 Bg5 25. Bxg5 hxg5 26. Qe3 Kg7 27. Ne2 Ra8 28. Kf1 Ra2 29. Qc1 Rxd1+ 30. Qxd1 Rxa1 31. Qxa1 Qd8 32. f3 Qd2 33. Qc1 Qd3 34. Kf2 Qxc4 35. Qd1 Qb5 36. b3 c4 37. b4 c5 38. Qd5 Kf6 39. Ke3 Qa4 40. Qxc4 b5 41. Qd5 cxb4 42. cxb4 Qxb4 43. Qa8 Qb3+ 44. Kf2 Qb2 45. Ke3 Kg7 46. Qc8 b4 47. Qc4 Nf4 48. Nc1 Ng2+ 49. Kd3 Ne1+ 50. Ke3 Nc2+ 51. Kd3 Nd4 52. Ke3 b3 53. Qc5 Qh2 0-1

[Event "Titled Tuesday intern op 09th Jul Early"]
[Site "Chess.com INT"]
[Date "2024.07.09"]
[Round "2"]
[White "Ayushh, Ravikumar"]
[Black "Sultanbek, Zeinep"]
[Result "1-0"]
[WhiteElo "1953"]
[BlackElo "2122"]
[PlyCount "55"]
[EventDate "2024.07.09"]
[EventType "swiss (blitz)"]
[EventRounds "11"]
[EventCountry "USA"]
[SourceTitle "EXT 2025"]
[Source "ChessBase"]
[SourceDate "2024.10.14"]
[SourceVersion "1"]
[SourceVersionDate "2024.10.14"]
[SourceQuality "1"]

1. Nf3 Nf6 2. g3 g6 3. Bg2 Bg7 4. b3 0-0 5. Bb2 d5 6. 0-0 c5 7. d4 Ne4 8. Nbd2 Nc6 9. e3 Bg4 10. h3 Nxd2 11. Qxd2 Bxf3 12. Bxf3 cxd4 13. exd4 Qd7 14. c4 dxc4 15. d5 Ne5 16. Bg2 Rac8 17. f4 cxb3 18. Bxe5 Rc2 19. Qd1 Rfc8 20. axb3 f6 21. Bd4 Qb5 22. Qf3 Qb4 23. Rad1 Ra2 24. Rf2 Rcc2 25. Rxc2 Rxc2 26. d6 exd6 27. Qxb7 h5 28. Qxb4 1-0

[Event "Titled Tuesday intern op 09th Jul Early"]
[Site "Chess.com INT"]
[Date "2024.07.09"]
[Round "4"]
[White "Murzin, Volodar"]
[Black "Ayushh, Ravikumar"]
[Result "1-0"]
[WhiteElo "2637"]
[BlackElo "1953"]
[PlyCount "121"]
[EventDate "2024.07.09"]
[EventType "swiss (blitz)"]
[EventRounds "11"]
[EventCountry "USA"]
[SourceTitle "EXT 2025"]
[Source "ChessBase"]
[SourceDate "2024.10.14"]
[SourceVersion "1"]
[SourceVersionDate "2024.10.14"]
[SourceQuality "1"]

1. d4 Nf6 2. c4 e6 3. Nc3 d5 4. cxd5 exd5 5. Bg5 Be7 6. e3 0-0 7. Bd3 b6 8. Nge2 Bb7 9. 0-0 Nbd7 10. Rc1 h6 11. Bh4 c5 12. Bb1 Re8 13. Re1 Nf8 14. Bg3 Rc8 15. Nf4 Qd7 16. Nd3 Ne4 17. Ne5 Qe6 18. Bxe4 dxe4 19. d5 Qf5 20. Nc4 Red8 21. d6 Bf6 22. Qa4 Ra8 23. Nb5 Qd7 24. Qb3 Bc6 25. Nc7 Rac8 26. Qa3 Ra8 27. Red1 Ne6 28. Nxa8 Rxa8 29. b4 b5 30. Ne5 Bxe5 31. Bxe5 c4 32. Qc3 f6 33. Bg3 Qb7 34. d7 Bxd7 35. Rd6 Kf7 36. Rcd1 Be8 37. a4 Rc8 38. a5 a6 39. Rb6 Qa8 40. Rdd6 Rd8 41. h3 Rxd6 42. Rxd6 Qc8 43. Rd1 Bc6 44. Qd2 Ke8 45. Qd6 Bd7 46. Qb6 c3 47. Qb8 Qxb8 48. Bxb8 Nd8 49. Rc1 Nc6 50. Bd6 Kf7 51. Rxc3 Ke6 52. Bf8 Ne5 53. Bxg7 Nc6 54. Bf8 Kf7 55. Bc5 Ke6 56. Rc1 f5 57. Rd1 Ne5 58. Rd6+ Kf7 59. Rxa6 Bc8 60. Rxh6 Nc4 61. a6 1-0

[Event "Titled Tuesday intern op 09th Jul Early"]
[Site "Chess.com INT"]
[Date "2024.07.09"]
[Round "3"]
[White "Vifleemskaia, Svetlana"]
[Black "Ayushh, Ravikumar"]
[Result "0-1"]
[WhiteElo "1942"]
[BlackElo "1953"]
[PlyCount "62"]
[EventDate "2024.07.09"]
[EventType "swiss (blitz)"]
[EventRounds "11"]
[EventCountry "USA"]
[SourceTitle "EXT 2025"]
[Source "ChessBase"]
[SourceDate "2024.10.14"]
[SourceVersion "1"]
[SourceVersionDate "2024.10.14"]
[SourceQuality "1"]

1. d4 Nf6 2. c4 e6 3. Nc3 d5 4. cxd5 exd5 5. Bg5 Be7 6. e3 0-0 7. Bd3 b6 8. Nge2 Bb7 9. 0-0 Nbd7 10. a3 h6 11. Bf4 c5 12. h3 Ne4 13. Nxe4 dxe4 14. Bb5 Nf6 15. dxc5 Bxc5 16. Qxd8 Rfxd8 17. Rfd1 Rac8 18. b4 Bf8 19. Rd4 Rxd4 20. Nxd4 Nd5 21. Bg3 g6 22. Be5 Bg7 23. Bxg7 Kxg7 24. Kf1 Nc3 25. Rc1 Nxb5 26. Rxc8 Nxd4 27. Rc7 Ba6+ 28. Ke1 Nb5 29. Re7 Kf6 30. Rxe4 Nxa3 31. Rd4 Nc2+ 0-1

[Event "Titled Tuesday intern op 02nd Jul Early"]
[Site "Chess.com INT"]
[Date "2024.07.02"]
[Round "8"]
[White "Ayushh, Ravikumar"]
[Black "Doroodgar, Amir Hosein"]
[Result "1-0"]
[WhiteElo "1951"]
[BlackElo "2302"]
[PlyCount "113"]
[EventDate "2024.07.02"]
[EventType "swiss (blitz)"]
[EventRounds "11"]
[EventCountry "USA"]
[SourceTitle "EXT 2025"]
[Source "ChessBase"]
[SourceDate "2024.10.14"]
[SourceVersion "1"]
[SourceVersionDate "2024.10.14"]
[SourceQuality "1"]

1. Nf3 b6 2. g3 a6 3. Bg2 Bb7 4. d4 e6 5. b3 Nf6 6. Bb2 d6 7. Nbd2 Be7 8. 0-0 Nbd7 9. c4 c5 10. Qc2 0-0 11. e4 cxd4 12. Nxd4 Qc7 13. Rac1 Rac8 14. Rfd1 Rfe8 15. Qd3 Qb8 16. Qe3 Qa8 17. Re1 Ne5 18. f3 Ng6 19. Kh1 h5 20. Rcd1 h4 21. Ne2 Nd7 22. Nd4 d5 23. cxd5 exd5 24. f4 dxe4 25. Bxe4 Bb4 26. Bxb7 Qxb7+ 27. Qf3 Qxf3+ 28. N4xf3 Rxe1+ 29. Nxe1 h3 30. Nc4 b5 31. Ne3 Nc5 32. N1c2 a5 33. Nxb4 axb4 34. Kg1 Ne4 35. Rc1 Rxc1+ 36. Bxc1 Nc3 37. Bd2 Nxa2 38. Nd5 f5 39. Bxb4 Nc1 40. Nc3 Nxb3 41. Nxb5 Nc1 42. Nd4 Kf7 43. Nxf5 Nh8 44. Bd2 Nd3 45. Bc3 g6 46. Nh6+ Ke6 47. Bxh8 Ne1 48. Kf2 Nd3+ 49. Kf3 Ke7 50. Kg4 Nf2+ 51. Kh4 Ke6 52. Ng4 Nd3 53. Kxh3 Kf5 54. Ne5 g5 55. Nxd3 g4+ 56. Kg2 Kg6 57. h3 1-0

[Event "Titled Tuesday intern op 02nd Jul Early"]
[Site "Chess.com INT"]
[Date "2024.07.02"]
[Round "2"]
[White "Ayushh, Ravikumar"]
[Black "Klimchuk, Andriy"]
[Result "1/2-1/2"]
[WhiteElo "1951"]
[BlackElo "2405"]
[PlyCount "147"]
[EventDate "2024.07.02"]
[EventType "swiss (blitz)"]
[EventRounds "11"]
[EventCountry "USA"]
[SourceTitle "EXT 2025"]
[Source "ChessBase"]
[SourceDate "2024.10.14"]
[SourceVersion "1"]
[SourceVersionDate "2024.10.14"]
[SourceQuality "1"]

1. Nf3 g6 2. d4 Bg7 3. g3 b6 4. Bg2 Bb7 5. 0-0 Nf6 6. c4 0-0 7. Nc3 Ne4 8. Qc2 Nxc3 9. Qxc3 c5 10. Be3 Nc6 11. Rfd1 d6 12. Rac1 Qc7 13. Qd2 a6 14. Bh6 Nxd4 15. Nxd4 cxd4 16. Bxg7 Kxg7 17. Qxd4+ Kg8 18. Bxb7 Qxb7 19. Qd5 Ra7 20. b4 Rc8 21. Qxb7 Rxb7 22. Rd3 a5 23. Rb3 Ra7 24. bxa5 Rxa5 25. Rxb6 Rxa2 26. e3 Ra4 27. Rb7 Kf8 28. Rcb1 Raxc4 29. Rd7 f5 30. Rbb7 Re4 31. Rdc7 Ra8 32. Ra7 Re8 33. Kg2 g5 34. Ra5 Re5 35. Rxe5 dxe5 36. Rc5 Kf7 37. Rxe5 Kf6 38. Ra5 g4 39. h3 h5 40. Ra6+ e6 41. hxg4 hxg4 42. Ra7 Rd8 43. Ra2 Ke5 44. Rb2 Rd6 45. Ra2 Ke4 46. Ra4+ Kd3 47. Kf1 Rc6 48. Rd4+ Kc3 49. Rd8 Ra6 50. Ke2 Ra2+ 51. Kf1 Rd2 52. Re8 Rd6 53. Ke2 Kc4 54. Rc8+ Kd5 55. Ra8 Rc6 56. Ra2 Rc4 57. Rd2+ Ke4 58. Ra2 Rb4 59. Rd2 e5 60. Ra2 Rc4 61. Rb2 f4 62. exf4 exf4 63. gxf4 Kxf4 64. Rb8 Rc2+ 65. Kf1 Rc5 66. Kg2 Rc3 67. Rf8+ Kg5 68. f3 Rxf3 69. Rxf3 gxf3+ 70. Kg3 Kh6 71. Kf2 Kg7 72. Kg3 f2 73. Kg2 f1Q+ 74. Kxf1 1/2-1/2

[Event "Titled Tuesday intern op 02nd Jul Early"]
[Site "Chess.com INT"]
[Date "2024.07.02"]
[Round "1"]
[White "Gulamirian, Korun"]
[Black "Ayushh, Ravikumar"]
[Result "0-1"]
[WhiteElo "1890"]
[BlackElo "1951"]
[PlyCount "88"]
[EventDate "2024.07.02"]
[EventType "swiss (blitz)"]
[EventRounds "11"]
[EventCountry "USA"]
[SourceTitle "EXT 2025"]
[Source "ChessBase"]
[SourceDate "2024.10.14"]
[SourceVersion "1"]
[SourceVersionDate "2024.10.14"]
[SourceQuality "1"]

1. d4 Nf6 2. c4 e6 3. Nf3 d5 4. g3 Be7 5. Bg2 0-0 6. 0-0 c6 7. Qc2 b6 8. Rd1 Ba6 9. b3 Nbd7 10. Bb2 Rc8 11. Nbd2 c5 12. Qd3 cxd4 13. Nxd4 dxc4 14. Nxc4 Ne5 15. Qc2 Bxc4 16. bxc4 Rxc4 17. Qb3 Rb4 18. Qc2 Qc8 19. Rac1 Qxc2 20. Rxc2 Rc4 21. Rdc1 Rfc8 22. Rxc4 Rxc4 23. Rxc4 Nxc4 24. Bc3 Bc5 25. Nc6 a5 26. e3 Kf8 27. Bf1 Nd6 28. Kg2 Nfe4 29. Be5 f6 30. Bb2 Ke8 31. Nd4 Bxd4 32. Bxd4 Nc5 33. Kf3 e5 34. Bc3 Kd7 35. h4 Ke6 36. h5 g6 37. h6 Nf5 38. Bc4+ Ke7 39. Bg8 Nxh6 40. Bxh7 Kf7 41. g4 Kg7 42. g5 fxg5 43. Bxe5+ Kxh7 44. Bc7 Nd7 0-1

[Event "Titled Tuesday intern op 02nd Jul Early"]
[Site "Chess.com INT"]
[Date "2024.07.02"]
[Round "4"]
[White "Lazavik, Denis"]
[Black "Ayushh, Ravikumar"]
[Result "1/2-1/2"]
[WhiteElo "2578"]
[BlackElo "1951"]
[PlyCount "129"]
[EventDate "2024.07.02"]
[EventType "swiss (blitz)"]
[EventRounds "11"]
[EventCountry "USA"]
[SourceTitle "EXT 2025"]
[Source "ChessBase"]
[SourceDate "2024.10.14"]
[SourceVersion "1"]
[SourceVersionDate "2024.10.14"]
[SourceQuality "1"]

1. d4 d5 2. c4 c6 3. Nf3 Nf6 4. Qc2 e6 5. g3 Be7 6. Bg2 0-0 7. 0-0 b6 8. b3 Nbd7 9. Rd1 Bb7 10. Nc3 Rc8 11. e4 dxe4 12. Nxe4 c5 13. Nxf6+ Bxf6 14. Ng5 Bxg5 15. Bxb7 Rc7 16. Be4 f5 17. Bg2 Bxc1 18. Raxc1 cxd4 19. Rxd4 Qe7 20. Rcd1 Nf6 21. Qe2 e5 22. Rd6 e4 23. Qd2 Re8 24. Qd4 Qe5 25. Qxe5 Rxe5 26. Bf1 Kf8 27. Be2 Ke7 28. h4 Re6 29. R6d4 Nd7 30. Kf1 Ne5 31. Rd5 Rd7 32. Rxd7+ Nxd7 33. Ke1 Rd6 34. b4 Rxd1+ 35. Kxd1 a5 36. a3 axb4 37. axb4 Kd6 38. Kd2 Ne5 39. Kc3 Nc6 40. Bd1 Ke5 41. Ba4 Nd4 42. c5 bxc5 43. bxc5 Ne6 44. Kc4 g5 45. hxg5 Nxg5 46. Kb5 Ne6 47. c6 Nd4+ 48. Kc4 Nxc6 49. Bxc6 f4 50. g4 e3 51. Kd3 exf2 52. Ke2 h5 53. gxh5 Kf6 54. Kxf2 Kg5 55. Bf3 Kh6 56. Ke2 Kg5 57. Kd3 Kh6 58. Ke4 Kg7 59. Kf5 Kh7 60. Kg5 Kg7 61. h6+ Kh8 62. Kg6 Kg8 63. h7+ Kh8 64. Be4 f3 65. Bxf3 1/2-1/2

[Event "Titled Tuesday intern op 25th Jun Late"]
[Site "Chess.com INT"]
[Date "2024.06.25"]
[Round "9"]
[White "Ayushh, Ravikumar"]
[Black "Sevgi, Volkan"]
[Result "0-1"]
[WhiteElo "1950"]
[BlackElo "2332"]
[PlyCount "64"]
[EventDate "2024.06.25"]
[EventType "swiss (blitz)"]
[EventRounds "11"]
[EventCountry "USA"]
[SourceTitle "EXT 2025"]
[Source "ChessBase"]
[SourceDate "2024.10.14"]
[SourceVersion "1"]
[SourceVersionDate "2024.10.14"]
[SourceQuality "1"]

1. Nf3 f5 2. d4 Nf6 3. g3 b6 4. Bg2 Bb7 5. c4 e6 6. Nc3 Bb4 7. 0-0 Bxc3 8. bxc3 0-0 9. Ba3 d6 10. c5 Na6 11. cxd6 cxd6 12. Qb3 Qd7 13. Ng5 Bxg2 14. Kxg2 Nc7 15. Rfe1 h6 16. Nf3 Ne4 17. Rad1 b5 18. c4 bxc4 19. Qxc4 Nd5 20. Rc1 Rfc8 21. Qa6 Nc7 22. Qa5 Nb5 23. Rxc8+ Rxc8 24. Rc1 Rxc1 25. Bxc1 g5 26. Nd2 Nxd2 27. Bxd2 Nxd4 28. Be3 Nc6 29. Qb5 a5 30. a4 Kf7 31. Bb6 Qb7 32. h4 Nd4+ 0-1

[Event "Titled Tuesday intern op 25th Jun Late"]
[Site "Chess.com INT"]
[Date "2024.06.25"]
[Round "4"]
[White "Ayushh, Ravikumar"]
[Black "Velikanov, Alexander"]
[Result "1-0"]
[WhiteElo "1950"]
[BlackElo "2387"]
[PlyCount "85"]
[EventDate "2024.06.25"]
[EventType "swiss (blitz)"]
[EventRounds "11"]
[EventCountry "USA"]
[SourceTitle "EXT 2025"]
[Source "ChessBase"]
[SourceDate "2024.10.14"]
[SourceVersion "1"]
[SourceVersionDate "2024.10.14"]
[SourceQuality "1"]

1. Nf3 Nf6 2. d4 g6 3. g3 Bg7 4. Bg2 0-0 5. c4 c5 6. 0-0 d6 7. b3 d5 8. Bb2 dxc4 9. bxc4 Ne4 10. Nc3 Bf5 11. Nxe4 Bxe4 12. e3 Nc6 13. Ne5 Bxg2 14. Kxg2 cxd4 15. Nxc6 bxc6 16. Bxd4 Bxd4 17. Qxd4 Qxd4 18. exd4 Rfd8 19. Rfd1 Rab8 20. Rd2 Rb4 21. Rc1 e6 22. Kf3 Kf8 23. Ke3 Ke7 24. Kd3 c5 25. Kc3 Ra4 26. dxc5 Ra3+ 27. Kb4 Rxd2 28. Kxa3 Kd7 29. Rb1 Kc7 30. f4 Rxh2 31. Rb5 Rg2 32. Ra5 Kb7 33. Kb4 h5 34. c6+ Kxc6 35. Rxa7 f6 36. Ra6+ Kd7 37. Kc5 Rxg3 38. Ra7+ Kc8 39. Kc6 Kb8 40. Rb7+ Ka8 41. Rf7 h4 42. c5 h3 43. Kb6 1-0

[Event "Titled Tuesday intern op 25th Jun Early"]
[Site "Chess.com INT"]
[Date "2024.06.25"]
[Round "11"]
[White "Juhasz, Agoston Botond"]
[Black "Ayushh, Ravikumar"]
[Result "0-1"]
[WhiteElo "2433"]
[BlackElo "1950"]
[PlyCount "64"]
[EventDate "2024.06.25"]
[EventType "swiss (blitz)"]
[EventRounds "11"]
[EventCountry "USA"]
[SourceTitle "EXT 2025"]
[Source "ChessBase"]
[SourceDate "2024.10.14"]
[SourceVersion "1"]
[SourceVersionDate "2024.10.14"]
[SourceQuality "1"]

1. Nf3 Nf6 2. g3 e6 3. Bg2 d5 4. 0-0 Be7 5. d4 0-0 6. c4 c6 7. Qc2 Nbd7 8. Rd1 b6 9. Nbd2 Ba6 10. b3 c5 11. Bb2 Rc8 12. Rac1 cxd4 13. Nxd4 dxc4 14. Nc6 cxb3 15. Qxb3 Rxc6 16. Bxc6 Bxe2 17. Re1 Bh5 18. Nf3 Bc5 19. Rcd1 Qc7 20. Bxd7 Nxd7 21. Qc3 Nf6 22. Ng5 Bxd1 23. Rxd1 Rd8 24. Re1 Qe7 25. Ne4 Bd4 26. Qb3 Nxe4 27. Rxe4 Bxb2 28. Qxb2 Rd1+ 29. Kg2 Qb7 30. f3 Qd5 31. Re2 h6 32. Qd2 Rxd2 0-1

[Event "Titled Tuesday intern op 25th Jun Late"]
[Site "Chess.com INT"]
[Date "2024.06.25"]
[Round "8"]
[White "Korchynskyi, Mykola"]
[Black "Ayushh, Ravikumar"]
[Result "0-1"]
[WhiteElo "2321"]
[BlackElo "1950"]
[PlyCount "98"]
[EventDate "2024.06.25"]
[EventType "swiss (blitz)"]
[EventRounds "11"]
[EventCountry "USA"]
[SourceTitle "EXT 2025"]
[Source "ChessBase"]
[SourceDate "2024.10.14"]
[SourceVersion "1"]
[SourceVersionDate "2024.10.14"]
[SourceQuality "1"]

1. d4 Nf6 2. c4 e6 3. Nc3 d5 4. cxd5 exd5 5. Bg5 Be7 6. e3 0-0 7. Nf3 b6 8. Bd3 Bb7 9. 0-0 Nbd7 10. Rc1 h6 11. Bh4 c5 12. Re1 Ne4 13. Bxe7 Qxe7 14. Qc2 Ndf6 15. Red1 Rac8 16. Qb1 Rfd8 17. h3 cxd4 18. Nxd4 Nxc3 19. bxc3 Rc5 20. Nf5 Qc7 21. Qb4 Bc8 22. Nd4 Bd7 23. Nb3 Rc6 24. Qd4 Be6 25. Nd2 Qe7 26. Nf3 Qc5 27. Qf4 Qd6 28. Qa4 Rc7 29. Nd4 Bd7 30. Qb3 Rdc8 31. Ba6 Re8 32. c4 Rf8 33. cxd5 Rxc1 34. Rxc1 Nxd5 35. Bb5 Rc8 36. Rd1 Nc3 37. Bxd7 Qxd7 38. Rc1 Ne4 39. Rd1 Nc3 40. Rc1 Ne4 41. Rf1 Nd2 42. Qd3 Nxf1 43. Qxf1 Qd5 44. Qa6 Rc1+ 45. Kh2 Qe5+ 46. g3 Qd5 47. f3 Qc4 48. Qxa7 Qf1 49. g4 Qg1# 0-1

[Event "Titled Tuesday intern op 25th Jun Late"]
[Site "Chess.com INT"]
[Date "2024.06.25"]
[Round "2"]
[White "Sabatier, Mathis"]
[Black "Ayushh, Ravikumar"]
[Result "0-1"]
[WhiteElo "2133"]
[BlackElo "1950"]
[PlyCount "36"]
[EventDate "2024.06.25"]
[EventType "swiss (blitz)"]
[EventRounds "11"]
[EventCountry "USA"]
[SourceTitle "EXT 2025"]
[Source "ChessBase"]
[SourceDate "2024.10.14"]
[SourceVersion "1"]
[SourceVersionDate "2024.10.14"]
[SourceQuality "1"]

1. e4 c5 2. Nf3 e6 3. c3 Nf6 4. e5 Nd5 5. a3 d6 6. d4 cxd4 7. c4 Nc6 8. cxd5 exd5 9. exd6 Bxd6 10. Nxd4 Nxd4 11. Qxd4 0-0 12. Be2 Re8 13. Be3 Be5 14. Qd2 d4 15. Bg5 f6 16. Bh4 d3 17. 0-0 dxe2 18. Qxe2 Bxh2+ 0-1

[Event "Titled Tuesday intern op 25th Jun Late"]
[Site "Chess.com INT"]
[Date "2024.06.25"]
[Round "5"]
[White "To, Nhat Minh"]
[Black "Ayushh, Ravikumar"]
[Result "0-1"]
[WhiteElo "2311"]
[BlackElo "1950"]
[PlyCount "102"]
[EventDate "2024.06.25"]
[EventType "swiss (blitz)"]
[EventRounds "11"]
[EventCountry "USA"]
[SourceTitle "EXT 2025"]
[Source "ChessBase"]
[SourceDate "2024.10.14"]
[SourceVersion "1"]
[SourceVersionDate "2024.10.14"]
[SourceQuality "1"]

1. e4 e5 2. Nf3 Nf6 3. Nxe5 d6 4. Nc4 Nxe4 5. Qe2 Qe7 6. Ne3 c6 7. b3 d5 8. Bb2 Nf6 9. g3 Be6 10. Bg2 Nbd7 11. 0-0 0-0-0 12. c4 Bg4 13. f3 Bh5 14. Qf2 Ne5 15. Nf5 Qe6 16. Bh3 Nd3 17. Qxa7 Bc5+ 18. Qxc5 Nxc5 19. Ne7+ Kd7 20. Bxe6+ fxe6 21. cxd5 cxd5 22. Ba3 Nd3 23. g4 Bf7 24. Nc3 Ra8 25. Na4 b5 26. Nb6+ Kc7 27. Nxa8+ Rxa8 28. Rac1+ Kd7 29. g5 Rxa3 30. gxf6 gxf6 31. Rc3 Nb4 32. Nc8 Nxa2 33. Nb6+ Kd6 34. Rc8 Nb4 35. Rf8 Bg6 36. Rxf6 Rxb3 37. Rf8 Rd3 38. Rf2 Ke7 39. Rb8 Ra3 40. Nc8+ Kf6 41. Rxb5 Nd3 42. Re2 Nf4 43. Re1 Ra2 44. Rb6 Rxd2 45. Na7 Rg2+ 46. Kh1 Bh5 47. Rf1 Re2 48. Rb4 e5 49. Nc6 Re3 50. Kg1 Bxf3 51. Rb6 Nh3# 0-1

[Event "Titled Tuesday intern op 18th Jun Early"]
[Site "Chess.com INT"]
[Date "2024.06.18"]
[Round "2"]
[White "Ayushh, Ravikumar"]
[Black "Aronian, Levon"]
[Result "1-0"]
[WhiteElo "1950"]
[BlackElo "2729"]
[PlyCount "77"]
[EventDate "2024.06.18"]
[EventType "swiss (blitz)"]
[EventRounds "11"]
[EventCountry "USA"]
[SourceTitle "EXT 2025"]
[Source "ChessBase"]
[SourceDate "2024.10.14"]
[SourceVersion "1"]
[SourceVersionDate "2024.10.14"]
[SourceQuality "1"]

1. d4 Nf6 2. Nf3 g6 3. c4 Bg7 4. g3 0-0 5. Bg2 Nc6 6. 0-0 Rb8 7. Nc3 a6 8. a4 d5 9. cxd5 Nxd5 10. e4 Ndb4 11. d5 Na5 12. Be3 b6 13. Bd4 Bh6 14. Na2 Nxa2 15. Rxa2 e6 16. Ne5 Bg7 17. Nc6 Nxc6 18. Bxg7 Kxg7 19. dxc6 e5 20. b4 Be6 21. Rd2 Qe7 22. Qb1 Rfd8 23. Rfd1 Rxd2 24. Rxd2 Rd8 25. Rxd8 Qxd8 26. Bf1 a5 27. bxa5 bxa5 28. Qb5 Qd4 29. Qxa5 Qxe4 30. Qc3 Qxa4 31. Qxe5+ Kg8 32. Qxc7 Qe4 33. Qd8+ Kg7 34. Qd1 Qxc6 35. Bg2 Qc5 36. Bf1 h5 37. Qd2 Kh7 38. Qe3 Qc1 39. Qxc1 1-0